000 01579ngm a22003370a 4500
001 PT39916
003 AR-LpoUNG
005 20210201235853.0
007 vd cvaizq
008 191001ss.f.||||ag |||||||||||||||||eng d
037 _c$7.50
040 _aAR-LpoUNG
_bspa
_cAR-LpoUNG
_eaacr
041 _aeng
044 _aag
082 0 _a791.436 17 273her
100 1 _aMcCarey, Leo
_edir.
245 1 4 _aLos hermanos Marx en Sopa de ganso y plumas de caballo
260 _aBuenos Aires :
_bEmerald,
_cs.f..
300 _aDVD (136 min.) : son., byn
505 0 _aHecha en 1934 y 1932. Elenco: Harpo Marx, Chico Marx, Zeppo Marx, Groucho Marx.
520 _aSopa de ganso: Acerada sátira política, es la película más desternillante y enloquecida de los Hermanos Marx. Groucho es Rofus T. Firef, el hilarante dictador de la mítica Libertonia. Harpo y Chico son espías a sueldo del enemigo político de Groucho, el calculador Trentin. Plumas de Caballo:En esta ocasión los hermanos Marx siembran el caos y el disparate en el mundo del deporte universitario americano. El nuevo director del prestigioso colegio Huxley (Groucho Marx) ficha por error a dos patosos jugadores en lugar de las dos estrellas con las que pretendía ganar la final a su gran rival. Corrosiva crítica contra el orden institucional reflejada en el himno. Sea lo que sea, me opongo.
650 4 _aCINE
650 4 _aDEPORTES
650 4 _aPOLITICA
650 4 _aSATIRA
653 _aCOMEDIA
653 _aVIDEOS
700 1 _aMcLeod, Norman
_edir.
905 _a39916
942 _cDVD
999 _c53640
_d53640